Characterization of a differentiable point of the distance function to the cut locus /
Guardat en:
| Autor principal: | |
|---|---|
| Format: | Article |
| Idioma: | English |
| Matèries: | |
| Etiquetes: |
Afegir etiqueta
Sense etiquetes, Sigues el primer a etiquetar aquest registre!
|
| Thư viện lưu trữ: | Thư viện Trường Đại học Đà Lạt |
|---|
| LEADER | 00800nam a2200265 4500 | ||
|---|---|---|---|
| 001 | DLU090078076 | ||
| 005 | ##20090608 | ||
| 040 | # | # | |a DLU |b eng |
| 041 | # | # | |a eng |
| 044 | # | # | |a JP |
| 100 | # | # | |a Tanaka, Minoru. |
| 245 | # | # | |a Characterization of a differentiable point of the distance function to the cut locus / |c Minoru Tanaka. |
| 653 | # | # | |a Cut locus |
| 653 | # | # | |a Distance function |
| 653 | # | # | |a Geodesic |
| 773 | # | # | |t Journal of the Mathematical Society of Japan |g Vol. 55, no. 1 (January 2003), p. 231-241 |
| 920 | # | # | |a Phòng Tạp chí -- Trung tâm Thông tin - Thư viện Trường Đại học Đà Lạt |
| 994 | # | # | |a DLU |
| 900 | # | # | |a True |
| 911 | # | # | |a Trương Bảo Trâm Anh |
| 925 | # | # | |a G |
| 926 | # | # | |a A |
| 927 | # | # | |a BB |
| 980 | # | # | |a Thư viện Trường Đại học Đà Lạt |